Procesná optimalizácia informačného systému v sektore mikropodnikov dizertačná práca

Guardado en:
Detalles Bibliográficos
Autor principal: Prokop, Igor
Autor Corporativo: Fakulta hospodárskej informatiky EU. Katedra aplikovanej informatiky
Otros Autores: Bednár, Peter
Formato: Libro
Lenguaje:eslovaco
Publicado: Bratislava 2010
Materias:
Etiquetas: Agregar Etiqueta
Sin Etiquetas, Sea el primero en etiquetar este registro!

MARC

LEADER 00000nam$a2200000$$$4500
001 0117158
005 20230227093503.2
041 0 |a slo 
044 |a SK 
245 1 0 |a Procesná optimalizácia informačného systému v sektore mikropodnikov  |b dizertačná práca  |c Igor Prokop ; škol. Peter Bednár 
264 1 |a Bratislava  |c 2010 
300 |a 189 s. 
610 2 0 |a systémy informačné 
610 2 0 |a podnik malý 
610 2 0 |a optimalizácia 
100 1 |a Prokop, Igor 
700 1 |a Bednár, Peter 
710 2 |a Fakulta hospodárskej informatiky EU. Katedra aplikovanej informatiky